Normal view
MARC view
- Bala, B. K
Entry Personal Name
001 - CONTROL NUMBER
- control field: 2938
003 - CONTROL NUMBER IDENTIFIER
- control field: OSt
005 - DATE AND TIME OF LATEST TRANSACTION
- control field: 20180228152820.0
008 - FIXED-LENGTH DATA ELEMENTS
- fixed length control field: 180228|| aca||aabn | a|a d
040 ## - CATALOGING SOURCE
- Original cataloging agency: OSt
- Transcribing agency: OSt
100 ## - HEADING--PERSONAL NAME
- Personal name: Bala, B. K
670 ## - SOURCE DATA FOUND
- Source citation: Work cat.: (OSt): Bala, B. K, Drying and storage of cereal grains, 2017
